| 000 | 01307cam a2200421 a 4500 | ||
|---|---|---|---|
| 001 | 10380858 | ||
| 003 | OSt | ||
| 005 | 20170105113101.0 | ||
| 008 | 120913s2013 enka b 001 0 eng d | ||
| 020 | _a9781441154156 (hardback) | ||
| 020 | _a1441154159 (hardback) | ||
| 020 | _a9781780938295 (pbk.) | ||
| 020 | _a1780938292 (pbk.) | ||
| 020 | _a9781441180599 (PDF ebook) | ||
| 020 | _a1441180591 (PDF ebook) | ||
| 020 | _a9781441176257 (ePub ebook) | ||
| 020 | _a144117625X (ePub ebook) | ||
| 024 | _a60001797338 | ||
| 035 | _a(OCoLC)811730991 | ||
| 035 | _a(OCoLC)ocn811730991 | ||
| 035 | _a(NNC)10380858 | ||
| 040 |
_aUKMGB _beng _cUKMGB _dOCLCO _dYDXCP _dNhCcYBP |
||
| 050 | 4 |
_aPR2605.A2 _bJ58 2013 |
|
| 082 | 0 | 4 |
_a869.342 _223 |
| 100 | _aCoelho, Panlo | ||
| 245 | 0 | 4 |
_aThe alchemist : _ba critical reader / _cedited by Erin Julian and Helen Ostovich. |
| 260 |
_aLondon : _bArden Shakespeare, _c2013. |
||
| 300 |
_axviii, 254 p. ; _c21 cm. |
||
| 490 | 1 | _aArden early modern drama guides | |
| 504 | _aIncludes bibliographical references and index. | ||
| 600 | 1 | 0 |
_aJonson, Ben, _d1573?-1637. _tAlchemist. |
| 700 | 1 | _aJulian, Erin. | |
| 700 | 1 | _aOstovich, Helen. | |
| 830 | 0 | _aArden early modern drama. | |
| 942 |
_2ddc _cBK |
||
| 948 | 1 |
_a20130812 _bc _csds12 _dMPS |
|
| 999 |
_c33047 _d33047 |
||